[Event "IECC CL1-2009.06 email"]
[Site "IECC email"]
[Date "2009.09.12"]
[Round "?"]
[White "Broyles, Jack"]
[Black "Catozzi, Mauro"]
[Result "1/2-1/2"]
[WhiteElo "2298"]
[BlackElo "2142"]
[PlyCount "30"]
[EventDate "2009.??.??"]
[EventType "tourn (corr)"]
[EventRounds "4"]
[SourceTitle "Corr 2013"]
[Source "ChessBase"]
[SourceDate "2012.11.12"]
[SourceVersion "1"]
[SourceVersionDate "2012.11.12"]
[SourceQuality "1"]
[WhiteTeam "Ireland"]
[BlackTeam "Singapore"]
[WhiteTeamCountry "IRL"]
[BlackTeamCountry "SIN"]

1. e4 e5 2. Nf3 Nc6 3. Bc4 Bc5 4. c3 Nf6 5. d3 a6 6. 0-0 Ba7 7. h3 d6 8. Nbd2 Na5 9. a4 Nxc4 10. Nxc4 Be6 11. Re1 0-0 12. Be3 Bxc4 13. dxc4 Bxe3 14. Rxe3 Qd7 15. a5 Qe6 1/2-1/2

[Event "IECC CL1-2009.02 email"]
[Site "IECC email"]
[Date "2009.05.03"]
[Round "?"]
[White "Broyles, Jack"]
[Black "Stilman, Eduardo"]
[Result "1/2-1/2"]
[WhiteElo "2273"]
[BlackElo "2233"]
[PlyCount "76"]
[EventDate "2009.??.??"]
[EventType "tourn (corr)"]
[EventRounds "4"]
[SourceTitle "Corr 2011"]
[Source "ChessBase"]
[SourceDate "2010.08.31"]
[SourceVersion "1"]
[SourceVersionDate "2010.08.31"]
[SourceQuality "1"]
[WhiteTeam "England"]
[BlackTeam "Uruguay"]
[WhiteTeamCountry "ENG"]
[BlackTeamCountry "URU"]

1. e4 e5 2. Nf3 Nf6 3. Nxe5 d6 4. Nf3 Nxe4 5. d4 d5 6. Bd3 Be7 7. c4 Nc6 8. cxd5 Qxd5 9. Nc3 Nxc3 10. bxc3 Bg4 11. 0-0 0-0 12. Re1 Bxf3 13. Qxf3 Qxf3 14. gxf3 Bd6 15. Rb1 b6 16. Bg5 h6 17. Bh4 Nd8 18. Bb5 g5 19. Bg3 Ne6 20. Bxd6 cxd6 21. d5 Nf4 22. Bc6 Rab8 23. Re7 a5 24. Ra7 Kg7 25. Kf1 Rfc8 26. a4 Nd3 27. Ra6 Rc7 28. Raxb6 Rxb6 29. Rxb6 Re7 30. Rb1 Kf6 31. Bb5 Ne5 32. Kg2 Rc7 33. Bf1 Rc5 34. Rb6 Rxd5 35. c4 Rd4 36. Ra6 Nxc4 37. Bxc4 Rxc4 38. Rxa5 d5 1/2-1/2

[Event "IECC CL1-2009.02 email"]
[Site "IECC email"]
[Date "2009.05.03"]
[Round "?"]
[White "Simmelink, Joop Theo"]
[Black "Broyles, Jack"]
[Result "1/2-1/2"]
[WhiteElo "2194"]
[BlackElo "2275"]
[PlyCount "71"]
[EventDate "2009.??.??"]
[EventType "tourn (corr)"]
[EventRounds "4"]
[SourceTitle "Corr 2011"]
[Source "ChessBase"]
[SourceDate "2010.08.31"]
[SourceVersion "1"]
[SourceVersionDate "2010.08.31"]
[SourceQuality "1"]
[WhiteTeam "Netherlands"]
[BlackTeam "England"]
[WhiteTeamCountry "NED"]
[BlackTeamCountry "ENG"]

1. e4 e5 2. Nf3 Nf6 3. d4 Nxe4 4. Bd3 d5 5. Nxe5 Bd6 6. 0-0 0-0 7. c4 c5 8. Re1 cxd4 9. cxd5 Nf6 10. Bg5 Bxe5 11. Rxe5 Nbd7 12. Re4 Qb6 13. Rh4 Re8 14. Na3 Ne5 15. Bxf6 Qxf6 16. Rxd4 Bd7 17. Nc4 g6 18. Bf1 Nxc4 19. Rxc4 Bb5 20. Qd4 Qxd4 21. Rxd4 Bxf1 22. Kxf1 Rad8 23. Re1 Rxe1+ 24. Kxe1 Kf8 25. Kd2 Ke7 26. g4 Rd7 27. g5 f6 28. gxf6+ Kxf6 29. f4 Ke7 30. Kd3 Kd6 31. a3 Rf7 32. b3 Rc7 33. a4 Rc5 34. Ke4 Rc3 35. Rb4 Rc7 36. Rb5 1/2-1/2

[Event "IECC CL1-2009.01 email"]
[Site "IECC email"]
[Date "2009.03.19"]
[Round "?"]
[White "Futida, Souitiro"]
[Black "Broyles, Jack"]
[Result "1/2-1/2"]
[WhiteElo "2191"]
[BlackElo "2289"]
[PlyCount "91"]
[EventDate "2009.??.??"]
[EventType "tourn (corr)"]
[EventRounds "4"]
[SourceTitle "Corr 2011"]
[Source "ChessBase"]
[SourceDate "2010.08.31"]
[SourceVersion "1"]
[SourceVersionDate "2010.08.31"]
[SourceQuality "1"]
[WhiteTeam "Brazil"]
[BlackTeam "England"]
[WhiteTeamCountry "BRA"]
[BlackTeamCountry "ENG"]

1. c4 e5 2. Nc3 Nf6 3. Nf3 Nc6 4. g3 d5 5. cxd5 Nxd5 6. Bg2 Nb6 7. 0-0 Be7 8. a3 0-0 9. b4 f6 10. d3 Bg4 11. Bb2 Qd7 12. Ne4 a5 13. Nc5 Qe8 14. h3 axb4 15. axb4 Rxa1 16. Bxa1 Bh5 17. Ne6 Rf7 18. Qb3 Nxb4 19. Nxc7 Qc6 20. Bc3 Qxc7 21. Bxb4 Bxb4 22. Qxb4 Rd7 23. Ra1 g5 24. Ra5 Kg7 25. Rc5 Qd8 26. Rb5 Nd5 27. Qb2 b6 28. Nh2 Bf7 29. Bxd5 Bxd5 30. Rxb6 Ra7 31. e4 Bf7 32. Ng4 Qxd3 33. Qc1 Qa3 34. Qc6 Qf3 35. Qxf6+ Qxf6 36. Nxf6 h5 37. g4 h4 38. Nh5+ Kh7 39. Rb5 Bxh5 40. gxh5 Kh6 41. Rxe5 Ra1+ 42. Kg2 Ra4 43. Kf3 Kxh5 44. Rf5 Ra1 45. Kg2 Kg6 46. Rf8 1/2-1/2

[Event "IECC CL1-2009.01 email"]
[Site "IECC email"]
[Date "2009.03.19"]
[Round "?"]
[White "Nett, Philipp"]
[Black "Broyles, Jack"]
[Result "1/2-1/2"]
[WhiteElo "2217"]
[BlackElo "2300"]
[PlyCount "71"]
[EventDate "2009.??.??"]
[EventType "tourn (corr)"]
[EventRounds "4"]
[SourceTitle "Telechess CBM 137"]
[Source "ChessBase"]
[SourceDate "2010.07.15"]
[SourceVersion "1"]
[SourceVersionDate "2010.07.15"]
[SourceQuality "1"]
[WhiteTeam "Switzerland"]
[BlackTeam "England"]
[WhiteTeamCountry "SUI"]
[BlackTeamCountry "ENG"]

1. Nf3 d5 2. g3 g6 3. Bg2 Bg7 4. 0-0 Nf6 5. d4 0-0 6. c4 dxc4 7. Ne5 Ne8 8. Na3 Nd6 9. e3 Be6 10. Qe2 c6 11. Nexc4 Nd7 12. b3 Nb6 13. Bb2 a5 14. Rfe1 a4 15. Qc2 f5 16. Red1 Bd5 17. Nxb6 Qxb6 18. Nc4 axb3 19. Bxd5+ cxd5 20. Nxb6 bxc2 21. Rdc1 Ra5 22. a4 Ne4 23. Rxc2 Rf6 24. Nc8 Kf7 25. f3 Nd6 26. Nb6 Re6 27. Bc3 Rxe3 28. Bxa5 Bxd4 29. Raa2 Rb3+ 30. Kg2 Bxb6 31. Bxb6 Rxb6 32. Rab2 Ra6 33. Rc7 Kf6 34. Rb4 Ra5 35. Kf2 g5 36. h4 1/2-1/2

[Event "IECC CL1-2008.07 email"]
[Site "IECC email"]
[Date "2009.01.11"]
[Round "?"]
[White "Simmelink, Joop Theo"]
[Black "Broyles, Jack"]
[Result "1/2-1/2"]
[WhiteElo "2192"]
[BlackElo "2290"]
[PlyCount "39"]
[EventDate "2008.??.??"]
[EventType "tourn (corr)"]
[EventRounds "4"]
[SourceTitle "Corr 2011"]
[Source "ChessBase"]
[SourceDate "2010.08.31"]
[SourceVersion "1"]
[SourceVersionDate "2010.08.31"]
[SourceQuality "1"]
[WhiteTeam "Netherlands"]
[BlackTeam "England"]
[WhiteTeamCountry "NED"]
[BlackTeamCountry "ENG"]

1. e4 e5 2. Nf3 Nf6 3. d4 Nxe4 4. Bd3 d5 5. Nxe5 Bd6 6. 0-0 0-0 7. c4 c5 8. cxd5 Nf6 9. Bg5 cxd4 10. Nf3 Be7 11. Re1 Nxd5 12. Bxe7 Nxe7 13. Nxd4 Nbc6 14. Nxc6 Nxc6 15. Nc3 Be6 16. Rc1 Rc8 17. Ne4 Nb4 18. Rxc8 Qxc8 19. Bb1 Bxa2 20. Bxa2 1/2-1/2

[Event "IECC M1-2008.T68"]
[Site "IECC email"]
[Date "2008.08.23"]
[Round "?"]
[White "Broyles, Jack"]
[Black "Denayer, William"]
[Result "1/2-1/2"]
[WhiteElo "2288"]
[BlackElo "2101"]
[PlyCount "86"]
[EventDate "2008.??.??"]
[EventType "match (corr)"]
[EventRounds "2"]
[SourceTitle "Corr 2011"]
[Source "ChessBase"]
[SourceDate "2010.08.31"]
[SourceVersion "1"]
[SourceVersionDate "2010.08.31"]
[SourceQuality "1"]
[WhiteTeam "England"]
[BlackTeam "Belgium"]
[WhiteTeamCountry "ENG"]
[BlackTeamCountry "BEL"]

1. e4 c5 2. Nf3 d6 3. d4 cxd4 4. Nxd4 Nf6 5. Nc3 a6 6. Be3 e6 7. f3 Be7 8. Qd2 Nc6 9. 0-0-0 0-0 10. Kb1 Nxd4 11. Bxd4 b5 12. h4 Rb8 13. g4 b4 14. Ne2 e5 15. Ba7 Rb7 16. Be3 Be6 17. Nc1 a5 18. Nd3 Qc7 19. h5 d5 20. g5 dxe4 21. gxf6 exd3 22. fxe7 dxc2+ 23. Qxc2 Bxa2+ 24. Kc1 Qxe7 25. Kd2 Rc7 26. Qa4 Qf6 27. Ke1 Bc4 28. Rh3 Be6 29. Rg3 Qh4 30. Bf2 Qf4 31. Be2 Rc1 32. Kf1 Qd2 33. Rxc1 Qxc1+ 34. Be1 Ra8 35. b3 h6 36. Qb5 Qc7 37. Qd3 Kh8 38. Qe3 Rd8 39. Bd2 Rd4 40. Ke1 f6 41. f4 Rxf4 42. Qd3 Rh4 43. Qg6 Qf7 1/2-1/2

[Event "IECC CL1-2008.04 email"]
[Site "IECC email"]
[Date "2008.07.18"]
[Round "?"]
[White "Broyles, Jack"]
[Black "Futida, Souitiro"]
[Result "1-0"]
[WhiteElo "2225"]
[BlackElo "2225"]
[PlyCount "83"]
[EventDate "2008.??.??"]
[EventType "tourn (corr)"]
[EventRounds "4"]
[SourceTitle "Corr 2013"]
[Source "ChessBase"]
[SourceDate "2012.11.12"]
[SourceVersion "1"]
[SourceVersionDate "2012.11.12"]
[SourceQuality "1"]
[WhiteTeam "India"]
[BlackTeam "US of America"]
[WhiteTeamCountry "IND"]
[BlackTeamCountry "USA"]

1. e4 c6 2. Nf3 d5 3. Nc3 Bg4 4. h3 Bxf3 5. Qxf3 e6 6. d4 dxe4 7. Qxe4 Nf6 8. Qe3 Nbd7 9. Bd3 Qc7 10. 0-0 0-0-0 11. a4 Kb8 12. a5 e5 13. a6 b6 14. Qg3 Re8 15. Ne2 g6 16. Bc4 Ne4 17. Qb3 f5 18. Rd1 Bd6 19. c3 Re7 20. f3 Nef6 21. dxe5 Bxe5 22. Nd4 Rhe8 23. Bg5 Bxd4+ 24. Rxd4 h6 25. Bxh6 c5 26. Bf4 Ne5 27. Rd3 Nh5 28. Bh2 f4 29. Rd5 g5 30. Bb5 Rf8 31. Qc2 Nf6 32. Rd2 c4 33. b4 Re6 34. Rad1 Qe7 35. Qb1 Rh8 36. Kf1 Nxf3 37. gxf3 Re3 38. Rf2 Rxh3 39. Bc6 Rh8 40. Rg2 Qe6 41. b5 Rg8 42. Qc1 1-0

[Event "IECC CL1-2008.03 email"]
[Site "IECC email"]
[Date "2008.06.28"]
[Round "?"]
[White "Broyles, Jack"]
[Black "Stilman, Eduardo"]
[Result "1/2-1/2"]
[WhiteElo "2264"]
[BlackElo "2165"]
[PlyCount "98"]
[EventDate "2008.??.??"]
[EventType "tourn (corr)"]
[EventRounds "4"]
[SourceTitle "Corr 2013"]
[Source "ChessBase"]
[SourceDate "2012.11.12"]
[SourceVersion "1"]
[SourceVersionDate "2012.11.12"]
[SourceQuality "1"]
[WhiteTeam "India"]
[BlackTeam "US of America"]
[WhiteTeamCountry "IND"]
[BlackTeamCountry "USA"]

1. e4 e5 2. Nf3 Nc6 3. Bb5 a6 4. Bxc6 dxc6 5. 0-0 Qd6 6. d3 Ne7 7. Nbd2 Ng6 8. Nc4 Qe6 9. Qe1 f6 10. h3 Bc5 11. b4 Ba7 12. Qc3 0-0 13. a4 Qe7 14. Be3 Bd7 15. Rfb1 Bxe3 16. fxe3 Rab8 17. Ncd2 Rfd8 18. Nb3 Nf8 19. Re1 Be8 20. Nh4 Nd7 21. Rad1 Qf7 22. Rf1 Qe7 23. d4 Bf7 24. Nd2 Qe6 25. a5 Nf8 26. Nf5 Ng6 27. Rf2 Ne7 28. dxe5 Nxf5 29. exf5 Qxe5 30. Qxe5 fxe5 31. Ra1 Rd5 32. Ne4 Rb5 33. Rb1 Rd5 34. Kh2 b6 35. axb6 cxb6 36. g4 Rbd8 37. Kg3 Rd1 38. Rxd1 Rxd1 39. Ng5 Bd5 40. f6 Rg1+ 41. Kh4 gxf6 42. Rxf6 Kg7 43. Rd6 h6 44. Ne6+ Kf7 45. Nc7 Bg2 46. Nxa6 Re1 47. Rd2 Bf3 48. Kh5 Rxe3 49. Kxh6 e4 1/2-1/2

[Event "IECC CL1-2008.03 email"]
[Site "IECC email"]
[Date "2008.06.28"]
[Round "?"]
[White "Broyles, Jack"]
[Black "Vujadinovic, Milan"]
[Result "1-0"]
[WhiteElo "2237"]
[BlackElo "2181"]
[PlyCount "71"]
[EventDate "2008.??.??"]
[EventType "tourn (corr)"]
[EventRounds "4"]
[SourceTitle "Corr 2013"]
[Source "ChessBase"]
[SourceDate "2012.11.12"]
[SourceVersion "1"]
[SourceVersionDate "2012.11.12"]
[SourceQuality "1"]
[WhiteTeam "India"]
[BlackTeam "US of America"]
[WhiteTeamCountry "IND"]
[BlackTeamCountry "USA"]

1. e4 c5 2. Nf3 g6 3. d4 cxd4 4. Nxd4 Nc6 5. Nc3 Bg7 6. Be3 Nf6 7. Nxc6 bxc6 8. e5 Ng8 9. Bd4 Qa5 10. Bc4 Bxe5 11. 0-0 Nf6 12. Re1 d6 13. Bxe5 dxe5 14. Qf3 Bd7 15. Qg3 0-0 16. Rxe5 Qb4 17. Bb3 e6 18. Rd1 Rad8 19. h3 Bc8 20. Ree1 Qe7 21. Qe5 Rxd1 22. Rxd1 Rd8 23. Rxd8+ Qxd8 24. Bc4 Nd5 25. Ne4 h6 26. Nd6 Qc7 27. Be2 c5 28. h4 f6 29. Qg3 g5 30. hxg5 hxg5 31. Nxc8 Qxc8 32. Qd6 Nf4 33. Ba6 Qa8 34. Bf1 Qb7 35. g3 Ng6 36. Qxe6+ 1-0

[Event "IECC CL2-2008.06 email"]
[Site "IECC email"]
[Date "2008.05.14"]
[Round "?"]
[White "Baumann, Dariusz"]
[Black "Broyles, Jack"]
[Result "0-1"]
[WhiteElo "2121"]
[BlackElo "2248"]
[PlyCount "96"]
[EventDate "2008.??.??"]
[EventType "tourn (corr)"]
[EventRounds "4"]
[SourceTitle "Corr 2013"]
[Source "ChessBase"]
[SourceDate "2012.11.12"]
[SourceVersion "1"]
[SourceVersionDate "2012.11.12"]
[SourceQuality "1"]
[WhiteTeam "Poland"]
[BlackTeam "Italy"]
[WhiteTeamCountry "POL"]
[BlackTeamCountry "ITA"]

1. d4 Nf6 2. c4 e6 3. Nc3 Bb4 4. f3 d5 5. a3 Bxc3+ 6. bxc3 c5 7. cxd5 exd5 8. e3 c4 9. g4 h6 10. Ne2 Nc6 11. Bg2 Na5 12. 0-0 Nb3 13. Ra2 0-0 14. Ng3 b5 15. Qe1 Rb8 16. h3 Nxc1 17. Qxc1 a5 18. Qd2 Qd6 19. Qf2 b4 20. axb4 axb4 21. e4 b3 22. e5 Qd8 23. Raa1 Ne8 24. f4 Nc7 25. f5 Qh4 26. Ne2 Qxf2+ 27. Kxf2 Rb5 28. Ke3 Bb7 29. Rfb1 Ra8 30. Rxa8+ Bxa8 31. Kd2 Ra5 32. Rb2 Bc6 33. Bf3 g5 34. Kc1 Na8 35. Kb1 Nb6 36. f6 Ra3 37. Bg2 Na4 38. Rd2 Kf8 39. Bf3 Ke8 40. Bg2 h5 41. Bf3 h4 42. Bg2 Kd7 43. Bf3 Ke6 44. Bg2 Bb5 45. Bf3 b2 46. Rxb2 Rb3 47. Rxb3 cxb3 48. Nc1 b2 0-1

[Event "IECC CL1-2008.02 email"]
[Site "IECC email"]
[Date "2008.05.07"]
[Round "?"]
[White "Vujadinovic, Milan"]
[Black "Broyles, Jack"]
[Result "1/2-1/2"]
[WhiteElo "2209"]
[BlackElo "2242"]
[PlyCount "41"]
[EventDate "2008.??.??"]
[EventType "tourn (corr)"]
[EventRounds "4"]
[SourceTitle "Corr 2013"]
[Source "ChessBase"]
[SourceDate "2012.11.12"]
[SourceVersion "1"]
[SourceVersionDate "2012.11.12"]
[SourceQuality "1"]
[WhiteTeam "India"]
[BlackTeam "US of America"]
[WhiteTeamCountry "IND"]
[BlackTeamCountry "USA"]

1. d4 Nf6 2. c4 e6 3. Nc3 Bb4 4. Qc2 Nc6 5. Nf3 d6 6. Bg5 h6 7. Bd2 0-0 8. a3 Bxc3 9. Bxc3 Qe7 10. e4 e5 11. d5 Nb8 12. Be2 a5 13. Nd2 a4 14. 0-0 Nbd7 15. f4 exf4 16. Rxf4 Ne5 17. Raf1 Nfd7 18. Bd4 Nc5 19. Qc3 Bd7 20. R4f2 f6 21. Qg3 1/2-1/2

[Event "IECC P-4431"]
[Site "IECC email"]
[Date "2008.04.15"]
[Round "?"]
[White "Broyles, Jack"]
[Black "Petkov, Stamat"]
[Result "1/2-1/2"]
[WhiteElo "2232"]
[BlackElo "2388"]
[PlyCount "70"]
[EventDate "2008.??.??"]
[EventType "match (corr)"]
[SourceTitle "Corr 2013"]
[Source "ChessBase"]
[SourceDate "2012.11.12"]
[SourceVersion "1"]
[SourceVersionDate "2012.11.12"]
[SourceQuality "1"]
[WhiteTeam "US of America"]
[BlackTeam "Australia"]
[WhiteTeamCountry "USA"]
[BlackTeamCountry "AUS"]

1. e4 c5 2. Nf3 d6 3. d4 cxd4 4. Nxd4 Nf6 5. Nc3 a6 6. Be3 e5 7. Nb3 Be6 8. f3 Be7 9. Qd2 0-0 10. 0-0-0 Nbd7 11. g4 b5 12. g5 b4 13. Ne2 Ne8 14. f4 a5 15. f5 a4 16. Nbd4 exd4 17. Nxd4 b3 18. Kb1 bxc2+ 19. Nxc2 Bb3 20. axb3 axb3 21. Na3 Ne5 22. Qg2 Qb8 23. h4 d5 24. Bf4 Bxa3 25. bxa3 Rxa3 26. Qb2 Ra2 27. Qxe5 Nd6 28. Qxd5 Qa7 29. Qd4 Nxe4 30. Rh3 Qa5 31. Qe5 Qa8 32. Rxb3 Rf2 33. Rb2 Re8 34. Bc4 Rxe5 35. Bxe5 Rxb2+ 1/2-1/2

[Event "IECC CL1-2008.01 email"]
[Site "IECC email"]
[Date "2008.04.12"]
[Round "?"]
[White "Broyles, Jack"]
[Black "Futida, Souitiro"]
[Result "1/2-1/2"]
[WhiteElo "2242"]
[BlackElo "2246"]
[PlyCount "69"]
[EventDate "2008.??.??"]
[EventType "tourn (corr)"]
[EventRounds "4"]
[SourceTitle "Corr 2013"]
[Source "ChessBase"]
[SourceDate "2012.11.12"]
[SourceVersion "1"]
[SourceVersionDate "2012.11.12"]
[SourceQuality "1"]
[WhiteTeam "India"]
[BlackTeam "US of America"]
[WhiteTeamCountry "IND"]
[BlackTeamCountry "USA"]

1. e4 c5 2. Nf3 e6 3. d4 cxd4 4. Nxd4 Nc6 5. Nb5 d6 6. c4 Nf6 7. N1c3 a6 8. Nd4 Be7 9. Be2 0-0 10. 0-0 Bd7 11. Be3 Rc8 12. Rc1 Ne5 13. b3 Re8 14. f3 Ng6 15. Qd2 Bf8 16. Rfd1 Qc7 17. Qb2 Qb8 18. Bf2 d5 19. cxd5 exd5 20. Nxd5 Nxd5 21. Rxc8 Rxc8 22. exd5 Nf4 23. Bf1 Nxd5 24. Nc2 Nf6 25. Bg3 Qa7+ 26. Bf2 Bc5 27. Nd4 Qb6 28. a3 Qd6 29. b4 Bb6 30. Qb3 Qf4 31. g3 Qe5 32. Bc4 Be8 33. Kg2 Qc7 34. Rc1 Kh8 35. Rc2 1/2-1/2

[Event "IECC CL1-2008.01 email"]
[Site "IECC email"]
[Date "2008.04.12"]
[Round "?"]
[White "Carroll, Patrick J"]
[Black "Broyles, Jack"]
[Result "1/2-1/2"]
[WhiteElo "2250"]
[BlackElo "2246"]
[PlyCount "89"]
[EventDate "2008.??.??"]
[EventType "tourn (corr)"]
[EventRounds "4"]
[SourceTitle "Corr 2013"]
[Source "ChessBase"]
[SourceDate "2012.11.12"]
[SourceVersion "1"]
[SourceVersionDate "2012.11.12"]
[SourceQuality "1"]
[WhiteTeam "India"]
[BlackTeam "US of America"]
[WhiteTeamCountry "IND"]
[BlackTeamCountry "USA"]

1. e4 c5 2. Nf3 d6 3. d4 cxd4 4. Nxd4 Nf6 5. Nc3 a6 6. Be3 e5 7. Nb3 Be6 8. f3 Nbd7 9. Qd2 b5 10. 0-0-0 Be7 11. Kb1 0-0 12. g4 b4 13. Ne2 a5 14. g5 Ne8 15. Ng3 Nc7 16. f4 Bg4 17. Be2 Bxe2 18. Qxe2 a4 19. fxe5 Nxe5 20. Nc5 a3 21. Nf5 axb2 22. Bd4 Qe8 23. Rhf1 Kh8 24. Nd7 Bxg5 25. Qd3 Qe6 26. Qb3 Nxd7 27. Bxg7+ Kg8 28. Bxf8 Kxf8 29. Nxd6 Ne5 30. Qxe6 Nxe6 31. Rf5 f6 32. h4 Bc1 33. Rxf6+ Ke7 34. Rf5 Rd8 35. Rxe5 Rxd6 36. Rxd6 Kxd6 37. Rb5 Nd8 38. Rxb4 Nc6 39. Rb6 Kc5 40. Rb7 Ne5 41. a4 Nf3 42. c3 Kc6 43. Rb4 Nxh4 44. Rc4+ Kb6 45. Rb4+ 1/2-1/2

[Event "IECC CL2-2008.03 email"]
[Site "IECC email"]
[Date "2008.03.25"]
[Round "?"]
[White "Broyles, Jack"]
[Black "Catozzi, Mauro"]
[Result "1-0"]
[WhiteElo "2248"]
[BlackElo "2161"]
[PlyCount "115"]
[EventDate "2008.??.??"]
[EventType "tourn (corr)"]
[EventRounds "4"]
[SourceTitle "Corr 2013"]
[Source "ChessBase"]
[SourceDate "2012.11.12"]
[SourceVersion "1"]
[SourceVersionDate "2012.11.12"]
[SourceQuality "1"]
[WhiteTeam "India"]
[BlackTeam "US of America"]
[WhiteTeamCountry "IND"]
[BlackTeamCountry "USA"]

1. e4 c5 2. Nf3 Nc6 3. d4 cxd4 4. Nxd4 Nf6 5. Nc3 e5 6. Ndb5 d6 7. Bg5 a6 8. Na3 b5 9. Bxf6 gxf6 10. Nd5 f5 11. Bd3 Be6 12. 0-0 Bxd5 13. exd5 Ne7 14. Nxb5 Bg7 15. Nc3 e4 16. Bc4 Ng6 17. Qd2 0-0 18. Rab1 Qh4 19. Be2 Qf4 20. Qd1 Rfb8 21. g3 Qh6 22. f4 Rb4 23. a3 Rd4 24. Qc1 Ne7 25. Rd1 Rb8 26. Qe3 Qf6 27. Bxa6 Rxd1+ 28. Rxd1 Rxb2 29. Na4 Ra2 30. Qb3 Ra1 31. c3 Rxd1+ 32. Qxd1 Ng6 33. Kg2 Qd8 34. Qb3 Ne7 35. Bc4 Qc7 36. Nb2 Nc8 37. Qb4 Qa7 38. Nd1 Bf6 39. a4 Bd8 40. Qb5 Kg7 41. Qc6 Qc7 42. Qxc7 Bxc7 43. Ne3 Kf6 44. Ba6 Nb6 45. Bb5 Nc8 46. Bd7 Ne7 47. Bc6 Nc8 48. Nc4 Nb6 49. Na3 Nc8 50. Bb7 Na7 51. Nc4 Ke7 52. Kf1 h6 53. Ke2 Bb8 54. Kd2 Kf6 55. a5 Ke7 56. Ne3 Kf6 57. c4 Bc7 58. a6 1-0

[Event "IECC CL2-2008.02 email"]
[Site "IECC email"]
[Date "2008.02.29"]
[Round "?"]
[White "Broyles, Jack"]
[Black "Nett, Philipp"]
[Result "1-0"]
[WhiteElo "2194"]
[BlackElo "2160"]
[PlyCount "75"]
[EventDate "2008.??.??"]
[EventType "tourn (corr)"]
[EventRounds "4"]
[SourceTitle "Corr 2013"]
[Source "ChessBase"]
[SourceDate "2012.11.12"]
[SourceVersion "1"]
[SourceVersionDate "2012.11.12"]
[SourceQuality "1"]
[WhiteTeam "India"]
[BlackTeam "US of America"]
[WhiteTeamCountry "IND"]
[BlackTeamCountry "USA"]

1. e4 c5 2. Nf3 Nc6 3. d4 cxd4 4. Nxd4 e5 5. Nb5 d6 6. Bc4 Be7 7. 0-0 Nf6 8. Bg5 Nxe4 9. Bxe7 Kxe7 10. Qd5 Ng5 11. Rd1 Be6 12. Qd3 a6 13. Nxd6 Nd4 14. Nxb7 Qb6 15. Bxe6 Kxe6 16. h4 Qxb7 17. hxg5 Qxb2 18. Qc4+ Ke7 19. Qc7+ Kf8 20. Nd2 Qb8 21. Qc5+ Kg8 22. Rab1 Qe8 23. Re1 Rd8 24. Rxe5 Ne6 25. Qe3 Qd7 26. Ne4 h5 27. Nc3 g6 28. Nd5 Qxd5 29. Rxd5 Rxd5 30. c4 Rd7 31. c5 Rc7 32. Rb6 Kh7 33. c6 Rhc8 34. Rb7 Kg8 35. Rxc7 Rxc7 36. Qb6 Kf8 37. Qxa6 Nxg5 38. Qa8+ 1-0

[Event "IECC CL2-2007.15 email"]
[Site "IECC email"]
[Date "2007.11.11"]
[Round "?"]
[White "Broyles, Jack"]
[Black "Agulnick, Michael"]
[Result "1-0"]
[WhiteElo "2127"]
[BlackElo "2002"]
[PlyCount "71"]
[EventDate "2007.??.??"]
[EventType "tourn (corr)"]
[EventRounds "4"]
[SourceTitle "Corr 2015"]
[Source "ChessBase"]
[SourceDate "2015.07.17"]
[SourceVersion "1"]
[SourceVersionDate "2015.07.17"]
[SourceQuality "1"]
[WhiteTeam "England"]
[BlackTeam "US of America"]
[WhiteTeamCountry "ENG"]
[BlackTeamCountry "USA"]

1. e4 e5 2. Nf3 Nc6 3. Bc4 Nf6 4. Ng5 d5 5. exd5 Na5 6. Bb5+ c6 7. dxc6 bxc6 8. Qf3 Rb8 9. Bd3 h6 10. Ne4 Nd5 11. Be2 Be6 12. b3 f5 13. Nec3 Qf6 14. 0-0 e4 15. Qg3 f4 16. Bh5+ Kd7 17. Qg6 Bf5 18. Nxd5 cxd5 19. Qxf6 gxf6 20. Nc3 Bd6 21. Nxd5 Be5 22. c3 Rb5 23. d4 exd3 24. Bf3 Rc8 25. Bd2 Rxd5 26. Bxd5 Bxc3 27. Bxc3 Rxc3 28. Rfc1 Rc2 29. Rxc2 dxc2 30. Kf1 Nc6 31. Bxc6+ Kxc6 32. Ke2 Kc5 33. a3 Be6 34. Kd2 Bxb3 35. Re1 Kd4 36. f3 1-0

[Event "IECC CL2-2007.15 email"]
[Site "IECC email"]
[Date "2007.11.11"]
[Round "?"]
[White "Broyles, Jack"]
[Black "Nett, Philipp"]
[Result "1/2-1/2"]
[WhiteElo "2151"]
[BlackElo "2146"]
[PlyCount "78"]
[EventDate "2007.??.??"]
[EventType "tourn (corr)"]
[EventRounds "4"]
[SourceTitle "Corr 2015"]
[Source "ChessBase"]
[SourceDate "2015.07.17"]
[SourceVersion "1"]
[SourceVersionDate "2015.07.17"]
[SourceQuality "1"]
[WhiteTeam "England"]
[BlackTeam "Switzerland"]
[WhiteTeamCountry "ENG"]
[BlackTeamCountry "SUI"]

1. e4 c5 2. Nf3 g6 3. d4 cxd4 4. Nxd4 Bg7 5. c4 Nc6 6. Be3 Nh6 7. Be2 d6 8. Nc3 0-0 9. 0-0 f5 10. Qd2 Ng4 11. Bxg4 fxg4 12. Nd5 Nxd4 13. Bxd4 Bxd4 14. Qxd4 e5 15. Qe3 Be6 16. Rfd1 Rc8 17. b3 Rc5 18. Nc3 a6 19. Rd3 Rc6 20. Rad1 Qc7 21. Qd2 Qb6 22. g3 Qa7 23. Nd5 Bxd5 24. Rxd5 Qb6 25. Rc1 Qc7 26. Rc3 b5 27. c5 Rxc5 28. Rdxc5 dxc5 29. Qd5+ Qf7 30. Rxc5 Qxd5 31. Rxd5 Rc8 32. Rxe5 Kf7 33. a4 Kf6 34. Rd5 b4 35. Rd4 a5 36. Rd5 Rc3 37. Rxa5 Rxb3 38. Rb5 g5 39. Kg2 Rb2 1/2-1/2

[Event "IECC CL2-2007.15 email"]
[Site "IECC email"]
[Date "2007.11.11"]
[Round "?"]
[White "Pecotic, Kuzma"]
[Black "Broyles, Jack"]
[Result "1/2-1/2"]
[WhiteElo "2105"]
[BlackElo "2159"]
[PlyCount "83"]
[EventDate "2007.??.??"]
[EventType "tourn (corr)"]
[EventRounds "4"]
[SourceTitle "Corr 2015"]
[Source "ChessBase"]
[SourceDate "2015.07.17"]
[SourceVersion "1"]
[SourceVersionDate "2015.07.17"]
[SourceQuality "1"]
[WhiteTeam "Croatia"]
[BlackTeam "England"]
[WhiteTeamCountry "CRO"]
[BlackTeamCountry "ENG"]

1. e4 Nc6 2. d4 e5 3. Nc3 exd4 4. Nd5 Nf6 5. Nf3 Nxe4 6. Bd3 Nc5 7. 0-0 h6 8. Re1+ Ne6 9. Bd2 Bc5 10. Nh4 Ne7 11. Qf3 Nxd5 12. Qxd5 Qxh4 13. Qxc5 Kd8 14. Qd5 Rb8 15. Re4 Qf6 16. Rae1 d6 17. c3 Bd7 18. Qh5 Bc6 19. Rg4 g6 20. Qh3 Bd7 21. Qg3 h5 22. Rh4 Bc6 23. cxd4 g5 24. Rhe4 Bxe4 25. Bxe4 Rg8 26. d5 Nc5 27. Bc3 Qh6 28. Bf5 Re8 29. Rxe8+ Kxe8 30. Qe3+ Kf8 31. h4 Re8 32. Qc1 Ne4 33. Bd4 f6 34. Bd7 Re7 35. Qxc7 gxh4 36. Qc8+ Kg7 37. Be6 Qg6 38. Qg8+ Kh6 39. Qh8+ Rh7 40. Qc8 Re7 41. Qh8+ Rh7 42. Qc8 1/2-1/2